| 000 | 01424cam a2200373 a 4500 | ||
|---|---|---|---|
| 001 | 2999337 | ||
| 003 | OSt | ||
| 005 | 20240222151459.0 | ||
| 008 | 931222s1994 nyua b 001 0 eng d | ||
| 010 | _a 93061887 | ||
| 020 | _a0500015961 | ||
| 020 | _a9780500015964 | ||
| 035 | _a(OCoLC)31279338 | ||
| 040 |
_aWaS _cWaS _dDLC |
||
| 042 | _alccopycat | ||
| 043 | _ae-uk--- | ||
| 050 | 0 | 0 |
_aSB470.J39 _bS54 1994 |
| 082 | 0 | 0 |
_a712.092 _220 _bSPE |
| 100 | 1 |
_aSpens, Michael. _9121108 |
|
| 245 | 1 | 4 |
_aThe complete landscape designs and gardens of Geoffrey Jellicoe / _cMichael Spens ; foreword by Geoffrey Jellicoe ; special photography by Hugh Palmer. |
| 260 |
_aNew York : _bThames and Hudson, _c1994. |
||
| 300 |
_a212 p. : _bill. (some col.) ; _c30 cm. |
||
| 504 | _aIncludes bibliographical references (p. 208-211) and index. | ||
| 600 | 1 | 0 |
_aJellicoe, Geoffrey, _d1900-1996. _9121109 |
| 650 | 0 |
_aLandscape architects _zGreat Britain. _9121110 |
|
| 650 | 0 |
_aLandscape design _zGreat Britain. _9121111 |
|
| 700 | 1 |
_aJellicoe, Geoffrey, _d1900-1996. _9121109 |
|
| 700 | 1 |
_aPalmer, Hugh. _9121112 |
|
| 906 |
_a7 _bcbc _ccopycat _d2 _eopcn _f19 _gy-gencatlg |
||
| 942 |
_2ddc _cREF |
||
| 999 |
_c608030 _d608030 |
||